000 00306nam a22001097a 4500
008 170718b xxu||||| |||| 00| 0 eng d
050 _aUN/2013/133/MIS/17.
245 _aUnited Nations in Ghana Voices from the Field. /
260 _aGhana:
_bUnited Nations;
_c2013.
300 _a72,
_c24cm.
942 _2lcc
_cBK
999 _c6412
_d13912